zpět

Detail výsledku týmu

Pardubický Pub PO, Pardubice

Datum a čas kvízu

31.5 Celkem bodů Celkový počet nahraných bodů na tomto kvízu bez doplňovacích otázek.
5. Pořadí na kvízu Konečné umístění týmu na tomto kvízu.

Zaznamenané odpovědi

# Otázka Odpověď Body Výsledky
1. Který živočich si minulý týden... labuť 0
2. Minulý týden jsme se dozvěděli... C 0
3. Minulý týden potvrdili konec s... David Prachař; Linda Rybová 1
4. Za co hrozí hostům jednoho hot... A 1
5. Minulý týden skončilo juniorsk... Vojtěch Čihař 0
6. Téma o městě, které nikdy nesp... Flatiron (Building)/žehlička 0
7. Seřaďte uvedené události od té... 1A 2B 3D 4C 0
8. Jak si říká tento americký zpě... Lenny Kravitz; New York City 1
9. Turisté v NYC míří nejen do di... 1A 2D 3C 4B 1
10. Jak se jmenuje fiktivní město,... Gotham (City); Bronx 0.5